00274nam a22001097a 4500022001500000082002800015100001400043245004100057300002100098526003700119650000800156 a0340568291 a620.11bCAScL-21, P-82 aCase John aStrength of Materials and Structures a502p. :bills. ; a0b0c0d620_110000000000000_CAS aMCE